Les plus grandes villes du bassin de la mer Caspienne sur une carte - Statistiques

Statistiques générales
  • Ce quiz a été pris 378 fois
  • Le résultat moyen est 8 sur 19
Réponses sur la Carte
Les réponses sont colorées sur une échelle allant du rouge au vert en fonction du pourcentage des utilisateurs qui les ont devinées à leur premier essai. Vous pouvez retrouver ces pourcentages ci-dessous.
 
Statistiques - réponses
Population Pays Ville % Correct
3 455 765 Azerbaïdjan Bakou
92%
1 154 314 Géorgie Tbilissi
90%
1 091 700 Arménie Erevan
88%
13 010 112 Russie Moscou
86%
1 028 036 Russie Volgograd
60%
1 030 063 Turkmenistan Achgabat
55%
1 308 660 Russie Kazan
54%
1 226 076 Russie Nijni-Novgorod
51%
1 173 299 Russie Samara
36%
1 558 693 Iran Tabriz
34%
1 144 809 Russie Oufa
31%
1 034 002 Russie Perm
31%
901 361 Russie Saratov
27%
623 254 Russie Makhatchkala
17%
684 709 Russie Togliatti
16%
617 352 Russie Oulianovsk
15%
577 279 Russie Iaroslavl
14%
679 995 Iran Rasht
10%
623 472 Russie Ijevsk
9%
Aucun quiz correspondant
Distribution des résultats
% des personnes avec chaque résultat
Percentile par nombre de réponses
Votre historique - résultats
Vous n’avez pas pris ce quiz